000
00332nam a2200145Ia 4500
008
230718s9999 xx 000 0 und d
041
_a
Eng.
082
_a
250
_b
WEL-S
100
_a
Welriyaes Max
245
0
_a
Siares of Qasgelves
260
_a
Pakistan
_b
Icimi Lecjab Lcham
_c
2007
300
_a
408
650
_a
Law
999
_c
26298
_d
26298